Fundamentals of Corporate Finance (Record no. 22130)
[ view plain ]
| 000 -LEADER | |
|---|---|
| fixed length control field | 00377nam a22001457a 4500 |
| 020 ## - INTERNATIONAL STANDARD BOOK NUMBER | |
| ISBN | 978-1-265-10259-3 |
| 082 ## - DEWEY DECIMAL CLASSIFICATION NUMBER | |
| Classification number | 658.15 |
| 100 ## - MAIN ENTRY--AUTHOR NAME | |
| Personal name | Brealey, Richard A. |
| 245 ## - TITLE STATEMENT | |
| Title | Fundamentals of Corporate Finance |
| 250 ## - EDITION STATEMENT | |
| Edition statement | 11th |
| 260 ## - PUBLICATION, DISTRIBUTION, ETC. (IMPRINT) | |
| Place of publication | New York: |
| Name of publisher | McGraw Hill; |
| Year of publication | 2023. |
| 300 ## - PHYSICAL DESCRIPTION | |
| Number of Pages | xxxi, 726p.: ill.; 28cm |
| 700 ## - ADDED ENTRY--PERSONAL NAME | |
| Personal name | Myers, Stewart C. & Marcus, Alan J. |
| 942 ## - ADDED ENTRY ELEMENTS (KOHA) | |
| Koha item type | Books |
| Withdrawn status | Lost status | Damaged status | Not for loan | Collection code | Permanent Location | Current Location | Shelving location | Date acquired | Source of acquisition | Full call number | Accession Number | Price effective from | Koha item type |
|---|---|---|---|---|---|---|---|---|---|---|---|---|---|
| Non-fiction | IFM Main Campus Library | IFM Main Campus Library | Work Room processing | 01/08/2026 | Purchased | 658.15 BRE | 0000030336 | 01/08/2026 | Books | ||||
| Non-fiction | IFM Main Campus Library | IFM Main Campus Library | Work Room processing | 01/08/2026 | Purchased | 658.15 BRE | 0000030337 | 01/08/2026 | Books | ||||
| Non-fiction | IFM Main Campus Library | IFM Main Campus Library | Work Room processing | 01/08/2026 | Purchased | 658.15 BRE | 0000030338 | 01/08/2026 | Books |
